000 01465nam a2200361 a 4500
001 ebr10731771
003 CaPaEBR
006 m o u
007 cr cn|||||||||
008 150303s2013 njua s 001 0 eng d
020 _z9781118590768
020 _z9781118590737 (e-book)
020 _z9781118590751 (epub)
040 _aCaPaEBR
_cCaPaEBR
035 _a(OCoLC)842307639
043 _an-us---
050 1 4 _aHG6024.U6
_b.K44 2013eb
082 0 4 _a332.64/53
_223
100 1 _aKeene, Andrew,
_d1979-
245 1 0 _aKeene on the market
_h[electronic resource] :
_btrade to win using unusual options activity, volatility, and earnings /
_cAndrew Keene.
260 _aHoboken, N.J. :
_bWiley,
_cc2013.
300 _a1 online resource (xx, 229 p.) :
_bill., graphs.
490 0 _aWiley trading series
500 _aIncludes index.
533 _aElectronic reproduction.
_bPalo Alto, Calif. :
_cebrary,
_d2015.
_nAvailable via World Wide Web.
_nAccess may be limited to ebrary affiliated libraries.
588 _aDescription based on online resource; title from title page (ebrary, viewed July 22, 2013).
610 2 0 _aChicago Board Options Exchange.
650 0 _aOptions (Finance)
_zUnited States.
650 0 _aSpeculation
_zUnited States.
655 7 _aElectronic books.
_2local
710 2 _aebrary, Inc.
856 4 0 _uhttp://site.ebrary.com/lib/rucke/Doc?id=10731771
_zAn electronic book accessible through the World Wide Web; click to view
999 _c36251
_d36251